El juego de los colores /

Gespeichert in:
Bibliographische Detailangaben
1. Verfasser: Rodríguez Alcorta, José Lucas
Format: Unbekannt
Sprache:Spanish
Veröffentlicht: La Habana, Cuba : Centro Provincial del Libro y la Literatura, Departamento de Literatura, 1991.
Schlagworte:
Tags: Tag hinzufügen
Keine Tags, Fügen Sie den ersten Tag hinzu!

MARC

LEADER 000000000a22000000004500
001 002067
041 0 |a spa 
082 0 4 |a Cu862.44   |b R696j 
100 1 |a Rodríguez Alcorta, José Lucas 
245 1 3 |a El juego de los colores /   |c José Lucas Rodríguez Alcorta. 
260 1 |a La Habana, Cuba :   |b Centro Provincial del Libro y la Literatura, Departamento de Literatura,   |c 1991. 
300 |a 19 páginas 
650 4 |a LITERATURA CUBANA 
650 4 |a TEATRO 
999 |c 8669  |d 8669 
942 |c BK  |h Cu862.44 R696j  |2 z